000 00512nam a2200169Ia 4500
008 090711s9999 xx 000 0 und d
082 _b37818
100 _aसोलापुरकर सुमा
245 _aकाळाSया ओघात
260 _c1978
300 _a150
600 _aसोलापुरकर सुमा
630 _aकाळाSया ओघात
700 _aसोलापुरकर सुमा
730 _aकाळाSया ओघात
942 _cBOOK
999 _c288004
_d288004